01358cam a22003257i 450000100090000000300040000900500170001300800410003001000170007102000360008802000150012402000380013904000280017705000240020508200150022910000200024424501630026425000080042726400430043530000480047833600260052633700280055233800270058050000370060750400690064465000300071385601060074385600910084985600920094018303797OSt20220524145937.0140915s2016 at a b 001 0 eng  a 2014951194 a9781305116641 (Student Edition) a130511664X a9781305630505 (Looseleaf Edition) aDLCbengcDLCerdadDLC00aMLCM 2015/41866 (B) a155bKAI/H1 aKail, Robert V.10aHuman Development :bA Life-Span View /cRobert V. Kail, Purdue University, John C. Cavanuagh, Consortium of Universities of the Washington Metropolitan Area. a7E. 1aAustralia :bCENGAGE Learning,c[2016] axxxiii, 688 pages :billustrations ;c29 cm atextbtxt2rdacontent aunmediatedbn2rdamedia avolumebnc2rdacarrier a"WCN: 01-100-101"--verso of T.p. aIncludes bibliographical references (pages 595-656) and indexes. 0aDevelopmental psychology.423Contributor biographical informationuhttp://www.loc.gov/catdir/enhancements/fy1603/2014951194-b.html423Publisher descriptionuhttp://www.loc.gov/catdir/enhancements/fy1603/2014951194-d.html413Table of contents onlyuhttp://www.loc.gov/catdir/enhancements/fy1603/2014951194-t.html